Statistiques concernant Le franglais

Cliquez ici pour prendre le quiz!

Statistiques générales

  • Ce quiz a été pris 267 fois
  • Le résultat moyen est 10 sur 22

Statistiques - réponses

FranglaisFrançais% Correct
PCOrdinateur
95%
En cashEn liquide
93%
Break (au travail par exemple)Pause
76%
StopArrêt
74%
Chicken wingsAiles de poulet
65%
O.K.D'accord
64%
KetchupSauce tomate
64%
Fast foodRestauration rapide
60%
VeganVégétalien
58%
Baby-sitterNourrice
55%
MeetingRéunion
55%
InterviewEntretien
46%
StressAngoisse
43%
Burn outÉpuisement professionnel
35%
Low-costÀ bas coûts
32%
KlaxonAvertisseur
21%
Best-ofCompilation
21%
Soft (dans la restauration)Boisson non alcoolisée
17%
Tie-break (en tennis)Jeu décisif
14%
Corner (en football)Coup de coin
9%
Account managerChargé de clientèle
6%
SalesService commercial
4%

Distribution des résultats

Percentile par nombre de réponses

% des personnes avec chaque résultat

Votre développement - résultats

Vous n’avez pas pris ce quiz